| 000 | 00374 a2200145 4500 | ||
|---|---|---|---|
| 001 | 88258 | ||
| 082 | _aPR 475 | ||
| 090 |
_c41672 _d41672 |
||
| 100 | _aUmer Ilyas | ||
| 245 |
_aPreliminary Design of a Turbofan Engine for a Cruise Missile _cKhalid Pervaiz _pCAEG-52 (A) |
||
| 250 | _a1st | ||
| 260 |
_aRisalpur _bNUST _c2000 |
||
| 300 | _a93p | ||
| 500 | _aBE Project Reports | ||
| 942 |
_aCAE NUST _kPR 475 |
||
| 999 |
_c323331 _d323331 |
||